[Event "1st Irena Warakomska Memorial"]
[Site "Suwalki"]
[Date "2017.08.17"]
[Round "8"]
[White "Tomczak, Jacek"]
[Black "Kveinys, Aloyzas"]
[Result "0-1"]
[WhiteElo "2598"]
[BlackElo "2548"]
[Annotator "TA"]
[PlyCount "88"]
[EventDate "2017.??.??"]
[EventType "swiss"]
[EventCountry "POL"]
[SourceTitle "playchess.com"]
[Source "ChessBase"]
[SourceQuality "1"]

{[%evp 19,88,41,62,43,44,14,34,17,14,0,0,0,0,-12,0,-11,-8,-25,-30,-55,-60,-101,-92,-149,-18,-420,-456,-454,-389,-439,-432,-443,-443,-418,-380,-368,-401,-429,-347,-413,-413,-411,-411,-415,-314,-387,-370,-386,-231,-221,-222,-404,-397,-677,-658,-653,-639,-537,-354,-372,-312,-695,-695,-695,-683,-740,-739,-1301,-1131,-778,-772]} 1. e4 c5 2. Nf3 Nc6 3. d4 cxd4 4. Nxd4 g6 5. c4 Bg7 6. Be3 Nf6 7. Nc3 d6 8. Be2 O-O 9. O-O Bd7 10. Nc2 Be6 {LiveBook: 20 Games. B38: Sicilian: Maroczy Bind with 5...Bg7 and 7...0-0} (10... Qa5 11. f3 Rfc8 12. Rc1 Ne5 13. b4 Qd8 14. Na3 a5 15. b5 a4 16. Nd5 Nxd5 17. cxd5 Rxc1 18. Qxc1 Qa5 {0-1 (50) Leko,P (2693)-Adhiban,B (2666) Doha 2016}) (10... Ne5 11. f3 a6 12. Qd2 Qc7 13. Na3 Rfc8 14. Rac1 Qa5 15. h3 Nc6 16. Rfd1 Be6 17. Nab1 Nd7 18. a3 {½-½ (35) Tomczak,J (2596)-Kveinys,A (2542) Warsaw 2017}) 11. Rc1 Nd7 12. Na3 $146 ({Find the theoretical novelty and annotate with similar games:} 12. Qd2 Re8 13. b3 Rc8 14. Nd5 Nc5 15. f3 a5 16. Rfd1 b6 17. Bf1 Rb8 18. Rb1 {1-0 (39) Pavlov,S (2449)-Stopkin,V (2337) Kiev 2005}) 12... Nc5 {The position is equal.} 13. f3 a6 14. Qd2 Qa5 15. Rfd1 Rfc8 16. Bf1 Rab8 (16... b5 $5) 17. Qf2 Nb4 18. Nd5 Bxd5 19. cxd5 {Black must now prevent Qd2.} b5 20. Qd2 {Strongly threatening Nc2.} Qa4 21. Ra1 {[#]} ({White should try} 21. Qf2) 21... Ncd3 (21... Nbd3 $1 $17 {[%cal Rd3b2][%mdl 512]} 22. Bxd3 Nxd3 23. Qxd3 Bxb2) 22. Rab1 $2 {[%mdl 8192]} (22. Rdb1 $1 $11 Nxb2 23. Rxb2) 22... Nxb2 $19 23. Rxb2 Bc3 24. Qc1 {Hoping for Rb3.} Bxb2 (24... Qxa3 25. Rb3 $16) 25. Qxb2 Qxd1 26. Qxb4 Qa1 27. Bd4 a5 28. Qd2 Qc1 29. Qd3 b4 30. Nc4 a4 31. Bb2 Qe1 32. Qd4 {[%csl Gb2][%cal Rd4h8]} f6 {And now ...a3 would win.} 33. Qa7 a3 (33... Rxc4 $142 34. Qxe7 (34. Qxb8+ $2 {is the wrong capture.} Kf7 $19) 34... Rc3 $1 {[%mdl 512]} 35. Qe6+ Kg7 36. Qd7+ Kh8) 34. Bd4 Qd1 {Threatens to win with ...Ra8.} 35. Be3 $2 {[#]} (35. Ne3 {was forced.} Qd2 36. Nc4) 35... Re8 $1 36. Nxd6 $2 (36. Na5 Ra8 37. Qc7) 36... Ra8 ({But not} 36... exd6 $2 37. Bh6 $18) 37. Qb7 exd6 38. Qxb4 Qa1 39. Qxd6 Rab8 ({Not} 39... f5 40. Qc5 $17) 40. Qxa3 $2 {[#]} (40. Qc6 Rf8 41. Qc4) 40... Rb1 $1 {[%csl Ga1][%cal Rb1f1] Black is clearly winning.} 41. Qa6 Reb8 42. Kf2 {[#]} Rxf1+ $1 {[%mdl 512]} 43. Kg3 (43. Qxf1 Rb2+) 43... Qe1+ 44. Kh3 Qxe3 {Precision: White = 29%, Black = 78%.} 0-1

[Event "1st Irena Warakomska Memorial"]
[Site "Suwalki"]
[Date "2017.08.17"]
[Round "8"]
[White "Sadzikowski, Daniel"]
[Black "Ulybin, Mikhail"]
[Result "1/2-1/2"]
[WhiteElo "2594"]
[BlackElo "2518"]
[Annotator "TA"]
[PlyCount "57"]
[EventDate "2017.??.??"]
[EventType "swiss"]
[EventCountry "POL"]
[SourceTitle "playchess.com"]
[Source "ChessBase"]
[SourceQuality "1"]

{[%evp 13,57,45,30,10,9,2,6,3,10,0,3,0,28,34,23,20,18,17,23,7,21,14,13,8,14,0,-4,-4,0,-11,-12,-4,-11,-4,-4,-8,-4,-4,-4,-4,-4,-4,-4,-4,-4,-4]} 1. Nf3 Nf6 2. d4 d5 3. c4 c5 4. dxc5 e6 5. a3 Bxc5 6. e3 dxc4 {D30: Queen's Gambit Declined: Systems without Nc3} 7. Qxd8+ Kxd8 {LiveBook: 13 Games} 8. Ne5 Ke7 9. Nxc4 b5 $146 ({Predecessor:} 9... a6 10. Nbd2 Nc6 11. Nb3 Ba7 12. Nca5 Nxa5 13. Nxa5 Bc5 14. Be2 {1-0 (52) Mista,A (2538)-Shkapenko,P (2395) Warsaw 2012}) 10. Na5 Bd7 11. Nd2 Bb6 12. Ndb3 Na6 13. Bd3 e5 {[%cal Be6e5,Be5e4][%mdl 32]} 14. Bd2 e4 15. Be2 Nd5 16. O-O Rac8 {The position is equal.} 17. Rac1 (17. a4 $5) 17... Nc5 18. Nxc5 Bxc5 19. Rc2 Bb6 20. Rfc1 a6 21. a4 Rxc2 22. Rxc2 bxa4 23. Bxa6 Bxa5 24. Bxa5 Ra8 25. Rc5 $1 Kd6 26. Rxd5+ $1 Kxd5 27. Bb7+ Bc6 28. Bxa8 Bxa8 29. Bc3 {Precision: White = 50%, Black = 86%.} 1/2-1/2

[Event "1st Irena Warakomska Memorial"]
[Site "Suwalki"]
[Date "2017.08.17"]
[Round "8"]
[White "Sandipan, Chanda"]
[Black "Bilguun, Sumiya"]
[Result "1/2-1/2"]
[WhiteElo "2568"]
[BlackElo "2443"]
[Annotator "TA"]
[PlyCount "167"]
[EventDate "2017.??.??"]
[EventType "swiss"]
[EventCountry "POL"]
[SourceTitle "playchess.com"]
[Source "ChessBase"]
[SourceQuality "1"]

{[%evp 10,167,1,-16,-14,-14,-13,-19,0,0,6,-2,0,3,8,12,39,23,47,45,72,70,70,55,74,45,61,25,32,32,42,35,29,29,37,22,34,39,81,87,75,86,85,69,50,3,10,12,4,12,15,0,0,0,20,31,32,12,12,12,12,12,12,12,12,12,12,12,12,12,12,12,12,12,12,12,12,12,12,12,12,12,12,12,12,12,12,0,0,0,12,12,12,12,12,12,12,0,12,12,48,12,12,12,12,12,12,0,12,12,12,12,12,12,12,12,12,12,12,12,12,12,12,12,12,12,48,48,48,48,48,48,48,48,48,48,48,48,48,48,48,48,48,48,48,48,48,48,48,48,48,48,48,48,48,48,48,48,48,48]} 1. g3 d5 2. d3 e5 3. Nf3 Nc6 4. Bg2 Nf6 5. O-O Bd6 6. Nbd2 O-O {A07: Réti Opening: New York and Capablanca Systems} 7. e4 dxe4 8. dxe4 Be6 {The position is equal.} 9. c3 Qd7 10. Qe2 Bh3 $146 ({Find the theoretical novelty and annotate with similar games:} 10... Ne7 11. Re1 Ng6 12. Nf1 h6 13. h4 Rfe8 {0-1 (51) Kononov,V (2086)-Antsyferou,U Nyiregyhaza 2006}) 11. Nc4 Bxg2 12. Kxg2 Qe6 13. Nh4 Rfd8 14. Bg5 h6 15. Bxf6 $1 Qxf6 16. Nf5 Bf8 17. b4 {[%cal Bb2b4,Bb4b5][%mdl 32]} Qe6 18. a4 a5 19. b5 Nb8 20. Nfe3 Nd7 21. Nd5 Rdc8 22. Rad1 Bc5 23. f4 exf4 24. Nxf4 Qe7 25. e5 Nf8 26. Qf3 b6 27. Qc6 (27. Nd5 $5 {[%cal Rd5e7]} Qe8 28. e6 fxe6 29. Rde1 $14) 27... Rd8 28. h4 Rxd1 29. Rxd1 Rd8 30. Rxd8 (30. Rd3 {seems wilder.} Rxd3 31. Nxd3 Ne6 32. Qa8+ Kh7 33. Qd5) 30... Qxd8 31. Qd5 Qxd5+ 32. Nxd5 $11 {[%mdl 4096] Endgame KBN-KNN} Ne6 33. Nf4 (33. Kf3 {feels hotter.} Kf8 34. Nb2 Ke8 35. Nf4 Kd7 36. Nbd3) 33... Be7 34. Nxe6 fxe6 {KB-KN} 35. h5 Bc5 (35... g6 $5 {[%cal Rg6h5]}) 36. Kf3 Kf7 37. g4 g5 38. Nd2 Bg1 39. Ke4 Bf2 40. Nf3 Ke7 41. Kd3 Kf7 42. Ke2 Bc5 43. Nd2 Bg1 44. Kd3 Ke7 45. Nb3 Bf2 46. Nc1 Bg3 47. Kd4 Bf2+ 48. Kc4 Bg3 49. Nd3 Bh2 50. Kd4 Bg1+ 51. Ke4 Kf7 52. Ne1 Bf2 53. Nf3 Ke7 54. Nd4 Kf7 55. Kf3 Bg1 56. Ne2 Bc5 57. Ng3 Bg1 58. Ne2 Bc5 59. Nd4 Ke7 60. Ke3 Kf7 61. Ke4 Ke7 62. Kd3 Kd7 63. Kc4 Bf8 64. Nb3 Ba3 65. Kd4 Bb2 66. Nd2 Ke7 67. Ne4 Kf7 68. Nf2 {White is slightly better.} Ba3 {[#] And now ...Bc5+ would win.} 69. Nd3 Be7 70. c4 {[%cal Bc3c4,Bc4c5,Bc5c6][%mdl 32]} Ke8 71. c5 Kd7 72. Kc4 Bf8 73. c6+ Ke8 74. Nf2 Be7 75. Ne4 Bd8 76. Kd3 Be7 77. Kd4 Bd8 78. Nd2 Be7 79. Nb3 Bd8 80. Ke4 Be7 81. Nd4 Kf7 82. Nc2 Ke8 83. Ne3 Bd8 84. Nc4 {Precision: White = 71%, Black = 77%.} 1/2-1/2

[Event "1st Irena Warakomska Memorial"]
[Site "Suwalki"]
[Date "2017.08.17"]
[Round "8"]
[White "Mihok, Oliver"]
[Black "Mulet, Piotr"]
[Result "1-0"]
[WhiteElo "2534"]
[BlackElo "2295"]
[Annotator "TA"]
[PlyCount "78"]
[EventDate "2017.??.??"]
[EventType "swiss"]
[EventCountry "POL"]
[SourceTitle "playchess.com"]
[Source "ChessBase"]
[SourceQuality "1"]

{[%evp 21,78,0,10,3,12,4,8,0,8,0,0,0,0,35,50,0,0,0,5,-10,-3,-12,-12,-24,-35,-16,97,56,45,48,49,50,48,0,0,0,0,0,822,809,816,767,1102,1051,1061,1062,991,990,29978,29979,29979,29980,29982,29983,29982,29984,29984,29985,29987]} 1. e4 e6 2. d4 d5 3. Nc3 Nf6 4. Bg5 Bb4 5. e5 h6 6. Bc1 Ne4 7. Qg4 {C12: French: Classical System: McCutcheon Variation} g6 (7... g5 8. a3 Bxc3+ 9. bxc3 c5 10. Bd3 h5 11. Qh3 Nxc3 12. dxc5 Nc6 13. Qg3 Qa5 14. Bd2 Qxc5 15. Qxg5 {1-0 (80) Duda,J (2671)-Anton Guijarro,D (2627) Martuni 2016}) 8. Nge2 c5 9. a3 Bxc3+ 10. bxc3 cxd4 11. cxd4 Qa5+ {LiveBook: 8 Games} 12. c3 $1 {aiming for f3.} Bd7 {[%cal Bc8d7,Bd7b5,Bb5e2][%mdl 32]} 13. f3 Bb5 $1 {[%cal Rb5e2] ...Bxe2 is the strong threat.} (13... Nxc3 $2 14. Bd2 $18) 14. fxe4 Bxe2 $1 15. Bxe2 Qxc3+ 16. Kf2 $146 Qxa1 17. exd5 Qa2 18. dxe6 Qxe6 19. Qf3 Nd7 20. Qxb7 Rb8 21. Qxa7 Qf5+ 22. Bf3 $1 g5 23. h3 h5 (23... O-O $1 $11 {remains equal.} 24. Re1 Rb1) 24. Qc7 O-O {White must now prevent ...Rbc8.} 25. g4 Qe6 $1 26. Qc2 (26. gxh5 $2 Rfc8 $19) (26. Bxg5 f6 $17) 26... f5 {[%cal Rf5g4]} 27. gxh5 {Threatens to win with Qc6.} Rfc8 28. Qd2 f4 29. Rg1 $1 {[%csl LRf4,LRg5]} Qxh3 $2 {[%mdl 8192]} (29... Kh8 $11) 30. Qxf4 $1 $18 Rc2+ 31. Bd2 Rxd2+ 32. Qxd2 Qh4+ 33. Ke2 Kh8 34. Rxg5 Nxe5 35. dxe5 {White mates.} (35. Rxe5 Qh2+ 36. Ke3 (36. Kd1 $2 Rb1+ 37. Kc2 Rb2+ 38. Kxb2 Qxd2+ 39. Kb1 Qd3+ 40. Kc1 Qc4+ 41. Kb1 Qd3+ 42. Kc1 Qc4+ 43. Kb1 Qd3+ $19) 36... Rb3+ 37. Qd3 Qg1+ 38. Ke4 Rxd3 $11) 35... Qc4+ 36. Kf2 Rb2 {[#]} 37. Rg8+ $1 Kxg8 (37... Qxg8 38. Qxb2) 38. Qxb2 Qh4+ 39. Kg1 Kh8 {Precision: White = 73%, Black = 72%.} 1-0

[Event "1st Irena Warakomska Memorial"]
[Site "Suwalki"]
[Date "2017.08.17"]
[Round "8"]
[White "Kanarek, Marcel"]
[Black "Bednarek, Sylwester"]
[Result "1-0"]
[WhiteElo "2530"]
[BlackElo "2308"]
[Annotator "TA"]
[PlyCount "135"]
[EventDate "2017.??.??"]
[EventType "swiss"]
[EventCountry "POL"]
[SourceTitle "playchess.com"]
[Source "ChessBase"]
[SourceQuality "1"]

{[%evp 12,135,31,0,11,-2,0,-4,-6,-3,10,0,18,19,53,43,49,52,72,50,61,53,65,64,58,50,84,76,77,67,80,70,122,115,148,139,146,146,153,165,216,214,376,362,445,439,350,405,414,432,419,422,393,361,433,442,694,677,654,635,628,610,575,251,238,168,168,168,492,492,485,463,462,461,1418,1139,8920,7698,29960,29961,29959,29962,29960,29963,29970,29969,29969,29962,29968,29970,29969,29969,29969,29971,29971,29961,29959,29954,29970,29971,29971,29972,29972,29972,29973,29974,29974,29975,29974,29976,29976,29977,29976,29977,29977,29977,29978,29979,29979,29980,29981,29982,29982,29983,29983,29982]} 1. d4 d5 2. c4 c6 3. Nc3 Nf6 4. Nf3 a6 5. a4 e6 6. e3 a5 {D15: Slav Defence: 4 Nc3 a6 and gambit lines after 4 Nc3 dxc4} 7. Be2 {LiveBook: 10 Games} (7. Bd3 Na6 8. e4 Nb4 9. O-O Nxd3 10. Qxd3 Be7 11. b3 O-O 12. e5 Nd7 13. cxd5 exd5 14. Re1 {½-½ (50) Zhou,W (2635)-Fang,Y (2502) China 2016}) 7... Bd6 8. O-O O-O $146 {The position is equal.} ({Predecessor:} 8... Nbd7 9. b3 Qe7 10. Bb2 O-O 11. Rc1 dxc4 12. Bxc4 e5 13. e4 exd4 14. Nxd4 Nb6 15. Be2 Rd8 {½-½ (15) Molina,R (2371)-Rocha,W (2439) Itauna 2009}) 9. Ne5 b6 10. f4 Ba6 11. b3 Bb4 12. Bb2 Ra7 13. Qc2 $36 {[%mdl 2048] White is pushing.} Qc8 14. Bd3 g6 15. Rf3 Nbd7 16. Raf1 Ne8 17. g4 f5 18. gxf5 Nxe5 19. fxe5 gxf5 20. Rg3+ Rg7 21. Ne2 Rxg3+ ({Black should try} 21... Kh8 $14) 22. hxg3 $16 ({Don't play} 22. Nxg3 $6 Kh8 $11) 22... Ng7 23. Nf4 Qd8 24. Qh2 {And now Qh6 would win.} Qg5 25. Kf2 h6 (25... h5 $142 26. Qh4 Qxh4 27. gxh4 Rc8) 26. Rh1 $18 Kh7 $2 {[#]} (26... Kf7 27. Qxh6 Qxh6 28. Rxh6 Bc8 29. Rf6+ Kg8) 27. g4 $1 {[%mdl 512]} dxc4 (27... Qxg4 28. Qxh6+) 28. bxc4 Be7 29. gxf5 Nxf5 30. Rg1 Qh4+ 31. Qxh4 Bxh4+ 32. Ke2 Bc8 33. d5 cxd5 (33... Rg8 $142 34. Rb1 Bd8 35. dxc6 Be7) 34. cxd5 Bg5 35. Ba3 Bxf4 36. Bxf8 {[#] Hoping for Bxf5+.} Bxe5 37. d6 (37. Rc1 $142 Bd7 38. dxe6 Bxe6 39. Rc6) 37... Bd7 38. Bxf5+ exf5 {[%mdl 4096] Endgame KRB-KB} 39. Rb1 h5 $2 (39... Kg8 {is tougher.}) 40. Rxb6 Kg8 41. Rb7 Bxa4 42. d7 ({Not} 42. Be7 Kf7 $16) 42... Bxd7 (42... Bf6 $142 43. Ba3 Bh4 44. Rb8+ Kg7) 43. Rxd7 Kxf8 {KR-KB} 44. Rd5 Bc3 45. Kd3 {White mates.} Bb4 46. Rxf5+ Ke7 47. Rxh5 Ke6 48. Rb5 Kd6 49. Kc4 Ke6 50. Kd4 Kd6 51. e4 Kc6 52. Kc4 Kd6 53. Rd5+ Ke6 54. Kd3 Kf6 55. Rb5 Ke6 56. Kd4 Kd6 57. e5+ Kc6 58. Kc4 Be1 59. Rc5+ Kd7 60. Kd5 Bb4 61. Rc6 Be1 62. Rd6+ Ke7 63. Ra6 Bb4 64. Ra7+ Kd8 65. Ke6 Kc8 66. Kf7 Kb8 67. Rd7 a4 68. e6 {Precision: White = 75%, Black = 40%.} 1-0

[Event "1st Irena Warakomska Memorial"]
[Site "Suwalki"]
[Date "2017.08.17"]
[Round "8"]
[White "Gleizerov, Evgeny"]
[Black "Warakomski, Tomasz"]
[Result "1/2-1/2"]
[WhiteElo "2519"]
[BlackElo "2536"]
[Annotator "TA"]
[PlyCount "34"]
[EventDate "2017.??.??"]
[EventType "swiss"]
[EventCountry "POL"]
[SourceTitle "playchess.com"]
[Source "ChessBase"]
[SourceQuality "1"]

{[%evp 20,34,17,27,26,27,19,29,33,20,18,0,0,8,13,0,6]} 1. d4 d5 2. c4 c6 {[%cal Bc7c6,Bc6c5][%mdl 32]} 3. Nf3 Nf6 4. Nc3 dxc4 5. a4 e6 6. e3 c5 7. Bxc4 Nc6 {D16: Slav Defence: 5 a4: Lines with 5...Bg4 and 5...Na6} 8. O-O Be7 9. Qe2 cxd4 (9... O-O 10. Rd1 Qc7 11. b3 b6 12. Bb2 Bb7 13. d5 exd5 14. Nxd5 Nxd5 15. Bxd5 {½-½ (41) Giri,A (2775)-Li,C (2735) Geneve 2017}) 10. Rd1 O-O 11. Nxd4 {LiveBook: 31 Games} Qa5 12. Bd2 {aiming for Nxc6.} Nxd4 13. exd4 Bb4 {[#]} 14. d5 $146 {[%cal Rd5e6]} ({Predecessor:} 14. Be1 Bd7 15. d5 {½-½ (35) Sokolov,I (2650)-Adly,A (2586) Hoogeveen 2008}) 14... Re8 {[%cal Re6d5] The position is equal.} 15. dxe6 Bxe6 16. Bxe6 Rxe6 17. Qb5 Qxb5 1/2-1/2

[Event "1st Irena Warakomska Memorial"]
[Site "Suwalki"]
[Date "2017.08.17"]
[Round "8"]
[White "Vetoshko, Volodymyr"]
[Black "Leniart, Arkadiusz"]
[Result "1-0"]
[WhiteElo "2517"]
[BlackElo "2480"]
[Annotator "TA"]
[PlyCount "199"]
[EventDate "2017.??.??"]
[EventType "swiss"]
[EventCountry "POL"]
[SourceTitle "playchess.com"]
[Source "ChessBase"]
[SourceQuality "1"]

{[%evp 23,199,28,27,30,27,36,41,41,42,1,7,0,7,9,0,0,7,0,0,0,0,0,0,0,0,0,124,90,318,321,322,321,293,307,344,337,351,351,341,347,365,365,457,439,425,302,346,268,267,262,266,267,205,205,205,205,235,206,206,207,207,207,251,260,269,269,308,297,288,281,281,264,281,273,302,278,424,321,378,365,435,437,522,511,601,594,671,666,845,841,749,749,697,384,384,384,384,355,312,0,383,383,384,378,369,368,397,397,397,386,397,371,371,364,354,352,420,304,278,225,225,0,184,184,795,795,12807,12819,11192,12805,11349,1088,12708,5604,12552,202,12247,202,12850,12849,29936,29960,29962,29963,29968,29970,29970,29971,29973,29974,29974,29975,29975,29972,29979,29978,29978,29972,29972,29970,29970,0,29971,29972,29972,29972,29972,29973,29973,29968,29977,0,29957,1841,29979,29976,29977,29978]} 1. e4 e5 2. Nf3 Nc6 3. d4 exd4 4. Nxd4 Bc5 5. Nxc6 Qf6 6. Qf3 Qxf3 7. gxf3 bxc6 8. Nd2 {C45: Scotch Game} Ne7 9. Nb3 Bb6 10. a4 a5 11. Be3 Bxe3 12. fxe3 d6 {LiveBook: 7 Games} 13. O-O-O O-O 14. Rg1 h6 (14... Kh8 15. f4 f5 {½-½ (60) Stevic,H (2601)-Bosiocic,M (2610) Valpovo 2017}) 15. f4 $146 Re8 16. f5 Kf8 17. Bd3 Ng8 18. Rd2 Nf6 19. Rdg2 Nxe4 20. Bxe4 Rxe4 21. Rxg7 Ke7 $1 22. Rg8 Rxa4 23. f6+ $1 Kxf6 {Strongly threatening ...Bb7.} 24. Rf8 Be6 (24... h5 $11 {keeps the balance.}) 25. Rf1+ Ke5 $2 (25... Ke7 $16 26. Rxa8 Bxb3) 26. Rxa8 $18 Bxb3 {[%mdl 4096] Endgame KRR-KRB} 27. Re8+ ({Don't go for} 27. cxb3 $2 Ra1+ 28. Kd2 Rxf1 $19) 27... Be6 28. Rxf7 $1 Rg4 29. Rfe7 ({Resist} 29. Rxc7 Kd5 $18) 29... Rg6 30. Rxc7 Kd5 31. Rce7 Rg1+ 32. Kd2 Bg4 33. Kc3 Re1 34. Rf8 h5 35. Rf2 Kc5 36. b3 d5 37. Kb2 Kb6 38. Re5 Kc5 39. Re8 Kb6 40. Kc3 Kc5 41. Ra8 Rxe3+ 42. Kd2 Re7 43. Rxa5+ Kb6 44. Ra1 Kc5 45. Re1 Rg7 46. Re3 Rg6 47. Rf4 Kd6 48. Rg3 Ke5 49. Rf8 h4 (49... Rh6 {was worth a try.} 50. h3 Be6 51. Rg5+ Ke4) 50. Re3+ Kd6 51. Rh8 d4 52. Rd3 Bf5 {[#] Hoping for ...Rg2+.} 53. Rxd4+ Ke5 54. Rhxh4 Rg2+ 55. Ke3 Rxc2 56. Rc4 Rb2 57. Rc5+ Kf6 58. Rc3 Be6 59. b4 Bd5 60. Rf4+ Ke5 61. Rh4 Kf6 62. Rd3 Kg5 63. Rdd4 Rb3+ 64. Kd2 Rb2+ 65. Kc3 Rb3+ 66. Kc2 Ra3 67. Rh8 Kf5 68. Rd2 Ke5 69. Re8+ Kf5 70. Re1 Rf3 71. Rg1 Rf4 72. Re1 $2 (72. b5 $18) 72... Rxb4 $2 (72... Rf3 $1 $11 {and Black is okay.} 73. Re8 Rh3) 73. Rf2+ Kg4 $2 (73... Kg6 74. Rg1+ Kh7) 74. Rg1+ Kh4 75. Rf8 {[%cal Rf8h8]} Kh3 76. Rh8+ Rh4 77. Rxh4+ Kxh4 {KR-KB} 78. Rg3 c5 79. Kd3 $2 (79. Kc3 Be6 80. Rg7) 79... Kh5 $2 (79... Bb3 80. Ke4 c4) 80. Ke3 $2 (80. Kc3 Kh4 81. Re3) 80... c4 $2 (80... Bb3 81. Rg7 c4) 81. Kf4 {White wants to mate with Rg5+.} Bc6 82. Rg5+ Kh6 83. Rc5 Ba4 84. Rxc4 Bb3 85. Rc6+ Kg7 86. Kg5 Bd5 87. Rc7+ Kg8 88. Kh6 Kh8 89. Rh7+ Kg8 90. Rd7 Be4 91. Rd8+ Kf7 92. Rd7+ $2 (92. h4 {mates} Bc2 93. Rd4 Bb3 94. Rf4+ Kg8 95. Rg4+ Kf8 96. Kh7 Bd1 97. Rf4+ Ke7 98. Kg6) 92... Kf8 $2 {[%mdl 8192] [#]} (92... Kg8 $11 93. Ra7 Bc2) 93. Rg7 Bd3 94. Rg1 Kf7 95. Rg3 Bc2 96. Kh5 Bd1+ 97. Kh6 Bc2 $1 98. Rg5 Kf6 99. Rc5 Bf5 100. Rc4 {Precision: White = 70%, Black = 38%.} 1-0

[Event "1st Irena Warakomska Memorial"]
[Site "Suwalki"]
[Date "2017.08.17"]
[Round "8"]
[White "Jarmula, Lukasz"]
[Black "Grib, Roman"]
[Result "1/2-1/2"]
[WhiteElo "2457"]
[BlackElo "2427"]
[Annotator "TA"]
[PlyCount "74"]
[EventDate "2017.??.??"]
[EventType "swiss"]
[EventCountry "POL"]
[SourceTitle "playchess.com"]
[Source "ChessBase"]
[SourceQuality "1"]

{[%evp 22,74,-7,-10,-6,-16,0,0,0,0,0,0,0,0,0,0,14,0,0,0,0,0,35,-25,-28,-25,0,0,0,0,0,3,0,0,7,0,0,0,0,0,0,0,7,-8,-12,-9,5,0,37,0,0,0,0,0,0]} 1. e4 e6 2. d4 d5 3. Nd2 c5 4. Ngf3 cxd4 5. Nxd4 Nc6 6. Bb5 Bd7 7. Nxc6 bxc6 8. Bd3 Qc7 9. O-O Bd6 10. Nf3 {C07: French Tarrasch: 3...c5, 4 Ngf3 and 4 exd5 Qxd5} Nf6 11. Qe2 dxe4 12. Bxe4 {LiveBook: 3 Games} O-O (12... Nxe4 13. Qxe4 O-O 14. Rd1 Rad8 15. Bd2 c5 16. Qe1 {1-0 (51) Wang,H (2704)-Shankland,S (2656) Edmonton 2015}) 13. Rd1 h6 14. b3 $146 ({Predecessor:} 14. c4 e5 {0-1 (14) Demianjuk,A (2302)-Kostenko,P (2465) Almaty 2016}) 14... e5 15. Bb2 Bg4 16. h3 Bh5 $1 17. Bf5 Rae8 18. g4 Bg6 19. Nh4 Bxf5 20. Nxf5 Bc5 21. c4 Kh7 22. Kh1 (22. Bc3 $14) 22... g6 $11 23. Ng3 Bd4 24. Bxd4 exd4 25. Qf3 Qd6 {[#]} 26. c5 $1 {[%mdl 512]} Qe5 $1 (26... Qxc5 27. Qxf6) 27. Qxc6 {Black must now prevent Qd6.} Re6 28. Qf3 Qxc5 29. Rac1 {[%cal Ba1c1,Bc1c2,Bc2e2,Be2d2][%mdl 32]} Qe5 30. Rc2 Kg7 31. Re2 Qc5 32. Red2 Rd8 33. Qf4 {[%cal Rd2d4]} Red6 34. Rd3 Qc2 35. Rxd4 Qxd1+ {The position is equal.} 36. Rxd1 Rxd1+ 37. Kg2 R8d4 {Precision: White = 68%, Black = 63%.} 1/2-1/2